| 000 | 00338nam a2200121Ia 4500 | ||
|---|---|---|---|
| 008 | 191201s2011 xx 000 0 und d | ||
| 100 | _aSRIVASTAVA, Sushil Kumar | ||
| 245 | 0 | _aMaintenance Engineering (Principles, Practices and Management) | |
| 260 |
_aN. Delhi _bS. Chand _c2011 |
||
| 300 | _a302 | ||
| 650 | _aB.Tech(ME) | ||
| 942 |
_2ddc _cBK |
||
| 999 |
_c6421 _d6421 |
||